Music Quiz

Random Music or Album Quiz

Mystery Album II Quiz Stats

Quiz not verified by Sporcle

Also try: Mystery Album III
Challenge
Share
Tweet
Embed
Score 0/14 Timer 03:00
0 Plays Today
Enter Number Track % Correct
Year (13 to reveal)???
82.8%
Artist (12 for first letter/s)???
70.3%
✯ Album ✯???
65.6%
04???
57.8%
09???
57.8%
06???
56.3%
07???
56.3%
Enter Number Track % Correct
05???
54.7%
08???
54.7%
10???
54.7%
11???
54.7%
03???
50%
02???
42.2%
01???
29.7%

You're not logged in!

Compare scores with friends on all Sporcle quizzes.
Sign Up with Email
OR
Log In

You Might Also Like...

Show Comments

Extras

Top Quizzes Today


Score Distribution

Your Account Isn't Verified!

In order to create a playlist on Sporcle, you need to verify the email address you used during registration. Go to your Sporcle Settings to finish the process.